000 00545nam a22002177a 4500
005 20170124110107.0
010 _a735133
020 _c00.00
035 _a735133
037 _bCen Lib/Ret
040 _aDPL
_bEN
082 _aN
_bBAL
100 _aBalchin, Nigel
_928290
245 _aMine own executioner /
_cby Nigel Balchin
260 _aLondon
_bThe reprint Society
_c1945
270 _bLondon
300 _a252p.
_c18cm(Hb)
650 _aLiterature fiction
_972971
650 _aEnglish novel
_914422
942 _2ddc
_cEN
_hN
_mBAL
999 _c130099
_d130099